| 000 | 00490nam a2200133Ia 4500 | ||
|---|---|---|---|
| 008 | 220216s9999 xx 000 0 und d | ||
| 100 | _aHynek B | ||
| 245 | 0 | _aAntioxidants and their combinations in applications for natural latex compounds | |
| 260 | _bInternational Rubber Conference 1997. Rubber Science and Technology: Improving Quality of Life, Kuala Lumpur, Malaysia 6-9 Oct 1997; p40-48 | ||
| 650 | _aAntioxidants | ||
| 650 | _aLatex compounds | ||
| 700 | _aKleiner T | ||
| 942 | _cJS | ||
| 999 |
_c54329 _d54329 |
||